03919nam a2200133 4500008001300000020001800013082001800031100003800049245003400087260006000121300003700181505352000218650004703738700.74 F721f a9783863351298 a700.74bF721f aKW Institute for Contemporary Art aForget FearbBerlin Biennale  aAlemaniabVerlag der Buchhandlung Walther Königc2012 a416 p.bil. (col) c21,5 x 15 cm tForwardrArtut ZmijewskitI. Basic Art tIntroductionrArtut ZmijewskitYou - Faćade Art!rMarcin Sliwa in conversation with Pawel Althamer, Igor Stokfiszewski, and Artur ZmijewskitII. EXTREME NONVIOLENCEtIntroductionrJoanna Warszat¡Democracia real ya!rManifiesto tWe want money for schools and hospitals, not banksrJulián García in conversation with Igor StokfiszewskitOn a mission of love rPavel Althamer in conversarion with Jakub Banasiak, Marcin Sliwa, Igor Stokfiszewski, and Artur ZmijewskitThe ghost marchrRafal Zurek tA good drug dealer rGalit Eilat in conversation with Artur ZmijewskitState of Palestine rAlison Ramer tExtreme nonviolence rSrda Popović in conversation with Zdravka Bajović and Joanna WarszatIII. BEAUTY AND KINDNESStIntroduction rJoanna WarszatArtists come to create beauty and kindness rRenzo Martens in conversation with Artur ZmijewskitIV. BOGOTA CHANGE tIntroduction rJoanna WarszatTo the youth of Colombia rSpeech by Fernando Vallejo tWhen I am trapped, I do what an artist would do rAntanas Mockus in conversation with Joanna WarszatA better political world. The politics of Antanas Mockus in Bogotá rLucas Ospina in conversation with Joanna WarszatV. CITIZENS OF CULTURE tIntroduction rJoanna WarszatOne hundred thousand people rJoanna Mytkowska in conversation with Artur ZmijewskitThe executive movementrJerzy Hausner in conversation with Joanna Warsza and Artur ZmijewskitVI. AN ALPHABET OF CLASS STRUGGLE tIntroduction rJoanna WarszatThe politics of the poor rSergio Franco, Djan Ivson Silva, and Rafael Pixobomb in conversation with Joanna WarszatVII. RUSSIAN WARtIntroduction rJoanna WarszatYes, the truth if with us rLeo the Fucknut from group Voina in conversation with Artur ZmijewskitVIII. HUNGARY THE FORMER REPUBLIC tIntroduction rJoanna WarszatA culture of collective creativity rGábor Bakos and Péter Juhász in conversation with Artur ZmijewskitProgroms are already happening rTímea Junghaus in conversation with Joanna Warsza and Artur ZmijewskitWoocut (a true story)rTamás KaszástDon´t stay in the dark rArpád Schilling in conversation with Joanna Warsza and Artur ZmijewskitIX. BEST PARTY tIntroduction rJoanna WarszatThe courage to be a lipstick rOpening speech by Jón Gnarr, Mayor of Reyjavík at the second Reyjavík Fashion Festival tThe best party rEinar Orn Benediktsson in conversation with Joanna WarszatX. EINE DEUTSCHE DEBATE tIntroduction rJoanna WarszatA Topography of identity rDorota Sajewska in conversation with Artur ZmijewskitThe general reception of "the topos of ruins"rJoanna Tokarska-Bakir tThe topos of the ruins. Redemptive narratives in the modern history of the germans, the jews, and the poles rJoanna Tokarska-Bakir tOpen letterrJan Tomasz GrosstThe city of toys rHans-Christian Täubrich in conversation with Jan Tomasz Gross and Zofia Wáslicka tThe heritage of mankind rJan Tomasz Gross and Zofia WáslickatThe heritage of mankind rJan Tomasz Gross and Zofia WáslickatXI. POLAND IS NOT ONLY A JEWISH GRAVEYARDtIntroduction rJoanna WarszatNot to be soldiers anymore rYael Bartana in conversation with Igor Stokfiszewski and Artur ZmijewskitIf you talk about morality, you´re a traitor rGideon Levy in conversation with Artur ZmijewskitJews, come back. WonderfulrJan Tomasz Gross in conversation with Joanna Warsza and Artur ZmijewskitThe ground where your future history can flourish rDaniel bLATMAN  xarte contemporáneoxarte contemporáneo